Quarks - Statistics

General Stats
  • This quiz has been taken 126 times
  • The average score is 5 of 6
Answer Stats
Hint Answer % Correct
d Down
98%
u Up
97%
s Strange
86%
c Charm
79%
b Bottom
78%
t Top
78%
No matching quizzes found
Score Distribution
Percent of People with Each Score
Percentile by Number Answered
Your Score History
You have not taken this quiz